Risografía: El nuevo espíritu de la impresión : el arte de las duplicadoras.
保存先:
| 第一著者: | |
|---|---|
| その他の著者: | , , |
| フォーマット: | 図書 |
| 出版事項: |
Barcelona, España:
Gustavo Gili,
2018.
|
| 主題: | |
| タグ: |
タグ追加
タグなし, このレコードへの初めてのタグを付けませんか!
|
MARC
| LEADER | 00000nam a22000007a 4500 | ||
|---|---|---|---|
| 003 | CL-VaPUC | ||
| 005 | 20250407202444.0 | ||
| 008 | 250312t2018 ||||| |||| 00| 0 eng d | ||
| 999 | |c 447294 |d 447292 | ||
| 020 | |a 978-84-252-3073-8 | ||
| 040 | |c Pontificia Universidad Católica de Valparaíso | ||
| 082 | |a 682.2 KOM 2018 | ||
| 100 | |9 896734 |a Komurki, John Z. |e autor | ||
| 245 | |a Risografía: |b El nuevo espíritu de la impresión : el arte de las duplicadoras. | ||
| 260 | |a Barcelona, España: |b Gustavo Gili, |c 2018. | ||
| 300 | |a 230 páginas: |b ilustraciones. | ||
| 500 | |a c.1. Instituto Arcos.08-01-2025. | ||
| 583 | |c 20250312 |k Gabriela Rodríguez Cuevas | ||
| 650 | 0 | |9 518221 |a Estampado |x Técnicas | |
| 650 | 0 | |9 265402 |a Impresión |x Artes gráficas | |
| 650 | 0 | |9 265883 |a Imprenta |x Producción de copias | |
| 700 | |9 896735 |a Bogoni, Luca |e edición |e diseño | ||
| 700 | |9 896736 |a Bendandi, Luca |e edición | ||
| 700 | |9 886108 |a Giménez, Darío |e traducción | ||
| 942 | |2 ddc |c BK |n 0 | ||
| 952 | |0 0 |1 0 |2 ddc |4 0 |6 682_200000000000000_KOM_2018 |7 0 |8 A |9 601130 |a BIBINC |b BIBINC |d 2025-03-12 |e Instituto Arcos |i 5665957 |l 1 |o 682.2 KOM 2018 |p 5665957 |r 2025-05-09 |s 2025-05-06 |t 1 |w 2025-03-12 |y BK |k IFP | ||